Tile Select-Islands - Statistics

General Stats
  • This quiz has been taken 22 times
  • The average score is 39 of 45
Answer Stats
Question Tile Select % Correct
are fully-recognized countries Borneo No
100%
are fully-recognized countries Cuba Yes
100%
are in the Carribean Cyprus No
100%
are fully-recognized countries Greenland No
100%
are in the Carribean Grenada Yes
100%
has a population of more than 1 million Isle of Man No
100%
has a population of more than 1 million Java Yes
100%
are fully-recognized countries Madagascar Yes
100%
are fully-recognized countries Maui No
100%
are fully-recognized countries Nauru Yes
100%
are in the Carribean Newfoundland No
100%
are in the Carribean Norfolk No
100%
are fully-recognized countries Réunion No
100%
are fully-recognized countries Singapore Yes
100%
are bigger than 50,000 km² Socotra No
100%
has a population of more than 1 million Amorgos No
95%
are an overseas territory Bahrain No
95%
are bigger than 50,000 km² Barbados No
95%
are an overseas territory Guam Yes
95%
are an overseas territory Iceland No
95%
are bigger than 50,000 km² Puerto Rico No
95%
has a population of more than 1 million Barbuda No
89%
are an overseas territory French Polynesia Yes
89%
are in the Carribean Guadeloupe Yes
89%
are bigger than 50,000 km² Ireland Yes
89%
are in the Carribean Jeju No
89%
are in the Carribean Martinique Yes
89%
has a population of more than 1 million Mayotte No
89%
are bigger than 50,000 km² New Guinea Yes
89%
are an overseas territory Saint Lucia No
89%
are an overseas territory Baffin No
84%
has a population of more than 1 million Hispaniola Yes
84%
are an overseas territory Curaçao Yes
79%
are an overseas territory Victoria No
79%
are bigger than 50,000 km² Hokkaido Yes
74%
are in the Carribean Miquelon No
74%
are bigger than 50,000 km² Sri Lanka Yes
74%
has a population of more than 1 million Timor Yes
74%
are an overseas territory Ascension Yes
68%
are bigger than 50,000 km² Sicily No
68%
has a population of more than 1 million Tasmania No
68%
are in the Carribean Montserrat Yes
63%
are fully-recognized countries Taiwan No
58%
has a population of more than 1 million Mindanao Yes
53%
are bigger than 50,000 km² Luzon Yes
47%
No matching quizzes found
Score Distribution
Percent of People with Each Score
Percentile by Number Answered
Your Score History
You have not taken this quiz